Statistics for Lincoln City fa cup run

Click here to take the quiz!

General Stats

  • This quiz has been taken 35 times
  • The average score is 4 of 11

Answer Stats

HintAnswer% Correct
Top Goal ScorerTheo Robinson
63%
Total goals for all games26
47%
Quater FinalArsenal 5-0 Lincoln
47%
Round 5Burnley 0-1 Lincoln
42%
Round 4Lincoln 3-1 Brighton
42%
Round 3Ipswich 2-2 Lincoln
37%
Round 3- ReplayLincoln 1-0 Ipswich
37%
Round 2Lincoln 3-2 Oldham
32%
Qualifying- ReplayGuisley 1-2 Lincoln
21%
QualifyingLincoln 0-0 Guisley
21%
Round 1Lincoln 2-1 Altrincham
16%

Score Distribution

Percentile by Number Answered

Percent of People with Each Score

Your Score History

You have not taken this quiz